[Event "2.BLN 1617 SV Werder Bremen - Rotation"]
[Site "?"]
[Date "2017.02.19"]
[Round "6.3"]
[White "Bruchmann, Stephan"]
[Black "Richter, Christian"]
[Result "1/2-1/2"]
[WhiteElo "2279"]
[BlackElo "2367"]
[PlyCount "50"]
[EventDate "2017.??.??"]

1. e4 e5 2. Nf3 Nc6 3. d4 exd4 4. Nxd4 Nf6 5. Nxc6 bxc6 6. Nd2 d5 7. exd5 cxd5
8. Bb5+ Bd7 9. Bxd7+ Qxd7 10. O-O Be7 11. b3 O-O 12. Bb2 Rfe8 13. Qf3 c6 14. h3
Bb4 15. Bxf6 Bxd2 16. Rad1 Bh6 17. Bc3 Re6 18. Bd2 Bxd2 19. Rxd2 Qe7 20. a4 Qb4
21. Re2 Rae8 22. Rxe6 Rxe6 23. Qd3 g6 24. g3 Kg7 25. Rd1 Re4 {(=)} 1/2-1/2

[Event "2.BLN 1617 SV Werder Bremen - Rotation"]
[Site "?"]
[Date "2017.02.19"]
[Round "6.4"]
[White "Grigorian, Spartak"]
[Black "Neumeier, Lars"]
[Result "1/2-1/2"]
[WhiteElo "2339"]
[BlackElo "2348"]
[PlyCount "38"]
[EventDate "2017.??.??"]

1. d4 Nf6 2. c4 c5 3. d5 b5 4. cxb5 a6 5. bxa6 g6 6. Nc3 Bxa6 7. e4 Bxf1 8.
Kxf1 d6 9. Nf3 Nbd7 10. g3 Bg7 11. Kg2 O-O 12. Qe2 Qc7 13. a4 Qb7 14. Nb5 Nb6
15. a5 Nbd7 16. Ra4 Rfb8 17. Nc3 Ra6 18. Bd2 Qa8 19. Nb5 Qb7 1/2-1/2

[Event "2.BLN 1617 SV Werder Bremen - Rotation"]
[Site "?"]
[Date "2017.02.19"]
[Round "6.5"]
[White "Steinhagen, Bernd"]
[Black "Charmeteau, Sven"]
[Result "0-1"]
[WhiteElo "2267"]
[BlackElo "2324"]
[PlyCount "150"]
[EventDate "2017.??.??"]

1. c4 e5 2. Nc3 Nf6 3. d3 Bc5 4. Nf3 Nc6 5. e3 d5 6. cxd5 Nxd5 7. Be2 O-O 8.
O-O Be6 9. a3 a5 10. Na4 Ba7 11. Qc2 Qe7 12. Bd2 Rad8 13. Rac1 Nf6 14. Rfd1 Bc8
15. Nc5 Rd5 16. Na4 Re8 17. Ng5 h6 18. Ne4 Nxe4 19. dxe4 Rd6 20. b4 axb4 21.
axb4 Nxb4 22. Qb3 Nc6 23. Nc3 Red8 24. Nd5 Qh4 25. Qc4 Be6 26. g3 Qh3 27. Bc3
Kh8 28. Qb5 Bg4 29. Bf1 Qh5 30. Rd2 Bf3 31. Be2 f5 32. Rb2 fxe4 33. Nf4 exf4
34. Qxh5 Bxh5 35. Bxh5 fxe3 36. Rxb7 exf2+ 37. Kg2 Bb6 38. Be2 Ra8 39. Bb5 Nd8
40. Rxb6 Rxb6 41. Be2 Rc6 42. Bb5 Re6 43. Kxf2 Nf7 44. Bd4 Nd6 45. Be2 e3+ 46.
Ke1 Nf5 47. Bc3 Rd6 48. Be5 Rd2 49. Rxc7 Re8 50. Bc3 Nd4 51. Bh5 Nc2+ 52. Kf1
e2+ 53. Bxe2 Rexe2 54. Bxd2 Rxd2 55. Kg1 Nd4 56. h3 Kh7 57. Ra7 h5 58. Ra6 Nf3+
59. Kf1 Ng5 60. Ra5 Kh6 61. Ra6+ g6 62. h4 Ne4 63. Ra3 Kg7 64. Re3 Nd6 65. Rf3
Nf5 66. Ra3 Rb2 67. Kg1 Kf6 68. Ra6+ Kf7 69. Ra7+ Ke6 70. Ra6+ Nd6 71. Ra5 Ne4
72. Ra6+ Kf5 73. Ra5+ Kg4 74. Ra4 Kxg3 75. Kf1 Rb1+ 0-1

[Event "2.BLN 1617 SV Werder Bremen - Rotation"]
[Site "?"]
[Date "2017.02.19"]
[Round "6.6"]
[White "Asendorf, Joachim"]
[Black "Mueller, Michael"]
[Result "1/2-1/2"]
[WhiteElo "2253"]
[BlackElo "2246"]
[PlyCount "40"]
[EventDate "2017.??.??"]

1. c4 Nf6 2. g3 e6 3. Bg2 d5 4. Nf3 Be7 5. O-O O-O 6. b3 b6 7. Bb2 Bb7 8. e3 c5
9. Nc3 dxc4 10. bxc4 Nc6 11. Qe2 Nb4 12. Ne1 Bxg2 13. Kxg2 Qd7 14. d3 Rfd8 15.
Rd1 a6 16. f4 b5 17. a3 Nc6 18. Nf3 bxc4 19. dxc4 Qc7 20. h3 Rxd1 1/2-1/2

[Event "2.BLN 1617 SV Werder Bremen - Rotation"]
[Site "?"]
[Date "2017.02.19"]
[Round "6.7"]
[White "Guth, Thomas"]
[Black "Mueller, Oliver"]
[Result "1/2-1/2"]
[WhiteElo "2318"]
[BlackElo "2301"]
[PlyCount "99"]
[EventDate "2017.??.??"]

1. e4 c5 2. Nf3 d6 3. d4 cxd4 4. Nxd4 Nf6 5. Nc3 Nc6 6. Bg5 e6 7. Qd2 Be7 8. f4
O-O 9. O-O-O Nxd4 10. Qxd4 Qa5 11. Bb5 Rd8 12. e5 dxe5 13. Qxe5 h6 14. Bh4 a6
15. Be2 b5 16. Kb1 Ra7 17. Rxd8+ Qxd8 18. Rd1 Rd7 19. Rxd7 Qxd7 20. Bd3 Bb7 21.
Qb8+ Qc8 22. Qxc8+ Bxc8 23. Ne4 Bb7 24. Nxf6+ gxf6 25. Bf1 Kg7 26. Bf2 Bd6 27.
g3 Kg6 28. Bd3+ f5 29. Be2 Bd5 30. a4 Bc6 31. Kc1 f6 32. axb5 axb5 33. c4 bxc4
34. Bxc4 e5 35. fxe5 fxe5 36. Be1 f4 37. gxf4 exf4 38. Bf1 Bc5 39. b4 Bb6 40.
Kd2 Kf5 41. h3 Bh1 42. Bh4 Ke4 43. Ba6 f3 44. Ke1 Bg2 45. Bf2 Bxf2+ 46. Kxf2
Bxh3 47. b5 Kd5 48. Kxf3 Kc5 49. Kg3 Bd7 50. Kh4 1/2-1/2

[Event "2.BLN 1617 Preetzer TSV - SF Berlin"]
[Site "?"]
[Date "2017.02.19"]
[Round "6.1"]
[White "Polzin, Rainer"]
[Black "Pedersen, Steffen"]
[Result "1/2-1/2"]
[WhiteElo "2423"]
[BlackElo "2371"]
[PlyCount "67"]
[EventDate "2017.??.??"]

1. e4 e5 2. Nf3 Nc6 3. Bb5 a6 4. Ba4 d6 5. Bxc6+ bxc6 6. d4 exd4 7. Qxd4 Bg4 8.
Nc3 Qd7 9. Be3 Be7 10. O-O-O Bxf3 11. gxf3 Bf6 12. Qd3 Ne7 13. h4 O-O 14. f4
Bxc3 15. Qxc3 Qe6 16. Rhg1 f6 17. Qb3 Qxb3 18. axb3 c5 19. h5 Rae8 20. f5 Kf7
21. Rg3 Rg8 22. Kd2 Nc6 23. f3 h6 24. Ra1 a5 25. c3 Rb8 26. Kc2 Rbe8 27. Bf4
Rb8 28. Ra3 Rge8 29. Rg1 Rb7 30. Rf1 Reb8 31. Bc1 Re8 32. Bf4 Reb8 33. Bc1 Re8
34. Bf4 1/2-1/2

[Event "2.BLN 1617 Preetzer TSV - SF Berlin"]
[Site "?"]
[Date "2017.02.19"]
[Round "6.2"]
[White "Teplyi, Igor"]
[Black "Ahmadinia, Ebrahim"]
[Result "1/2-1/2"]
[WhiteElo "2448"]
[BlackElo "2388"]
[PlyCount "65"]
[EventDate "2017.??.??"]

1. c4 e5 2. g3 Nf6 3. Bg2 c6 4. d4 exd4 5. Qxd4 Na6 6. Nf3 d5 7. O-O Bc5 8.
Qe5+ Qe7 9. cxd5 Qxe5 10. Nxe5 Nxd5 11. Nd3 Be6 12. Nxc5 Nxc5 13. Bd2 O-O 14.
e4 Nc7 15. Nc3 Nd3 16. b3 Rfd8 17. Be3 Nb4 18. Rad1 Nb5 19. Nxb5 cxb5 20. e5
Bd5 21. Bxd5 Nxd5 22. Bg5 f6 23. exf6 gxf6 24. Rd4 Rd7 25. Rfd1 Rad8 26. Bf4
Kf7 27. Bc7 Rxc7 28. Rxd5 Rxd5 29. Rxd5 a6 30. Rd2 Kg6 31. Kg2 Rc3 32. h3 h5
33. Kf1 1/2-1/2

[Event "2.BLN 1617 Preetzer TSV - SF Berlin"]
[Site "?"]
[Date "2017.02.19"]
[Round "6.3"]
[White "Wendt, Jan-Dietrich"]
[Black "Hansen, Mads"]
[Result "1/2-1/2"]
[WhiteElo "2286"]
[BlackElo "2451"]
[PlyCount "62"]
[EventDate "2017.??.??"]

1. Nf3 c5 2. c4 Nc6 3. Nc3 g6 4. e3 Nf6 5. d4 cxd4 6. exd4 d5 7. cxd5 Nxd5 8.
Qb3 e6 9. Bg5 f6 10. Be3 a6 11. Bd3 Bg7 12. O-O O-O 13. Be4 Na5 14. Qc2 Nc4 15.
Rae1 b5 16. Nd2 Nxd2 17. Qxd2 Bb7 18. Bh6 Rf7 19. Bxg7 Kxg7 20. Rc1 Qd6 21.
Rfe1 Rd8 22. g3 Re7 23. Qe2 Rdd7 24. h4 Nxc3 25. bxc3 Bxe4 26. Qxe4 Qd5 27.
Qxd5 Rxd5 28. Re3 Kf7 29. Rce1 Rd6 30. a4 Rb7 31. axb5 axb5 1/2-1/2

[Event "2.BLN 1617 Preetzer TSV - SF Berlin"]
[Site "?"]
[Date "2017.02.19"]
[Round "6.4"]
[White "Jahncke, Giso"]
[Black "Nogly, Christoph"]
[Result "0-1"]
[WhiteElo "2325"]
[BlackElo "2231"]
[PlyCount "132"]
[EventDate "2017.??.??"]

1. d4 d5 2. c4 e6 3. Nf3 Nf6 4. g3 Bb4+ 5. Bd2 Bd6 6. Bg5 O-O 7. Nc3 c6 8. Bg2
Nbd7 9. Nd2 h6 10. Bxf6 Nxf6 11. O-O e5 12. cxd5 exd4 13. dxc6 dxc3 14. Ne4
cxb2 15. Rb1 bxc6 16. Nxd6 Rb8 17. Nxc8 Qxc8 18. Qc2 Qb7 19. Rfd1 Qb6 20. Bf3
c5 21. Rd3 c4 22. Rc3 Rfc8 23. e3 Qb4 24. e4 Rc5 25. a3 Qb5 26. Be2 Qc6 27. f3
Qb6 28. Kg2 Nd7 29. Rxc4 Rxc4 30. Qxc4 Ne5 31. Qd5 Qe3 32. Qxe5 Qxe2+ 33. Kh3
Rb7 34. Qc3 Rb5 35. a4 Rh5+ 36. Kg4 Qxh2 37. Qxb2 Rg5+ 38. Kf4 Qxg3+ 39. Ke3
Ra5 40. Qd4 Qg5+ 41. Ke2 Rc5 42. Kd3 Qh5 43. Ke3 Qg5+ 44. Kd3 Rc6 45. Rg1 Qf6
46. Qxf6 Rxf6 47. Ke3 Rb6 48. Ra1 a5 49. Kd4 g5 50. Ke5 Kg7 51. f4 g4 52. f5 h5
53. Kf4 f6 54. Ra3 Kh6 55. Rc3 Rb1 56. Rc5 Rf1+ 57. Kg3 Rf3+ 58. Kg2 Re3 59.
Rxa5 Rxe4 60. Ra8 Kg5 61. a5 h4 62. a6 Re2+ 63. Kf1 Ra2 64. a7 Kxf5 65. Kg1 h3
66. Kf1 h2 0-1

[Event "2.BLN 1617 Preetzer TSV - SF Berlin"]
[Site "?"]
[Date "2017.02.19"]
[Round "6.5"]
[White "Chatzidakis, Mihail"]
[Black "Bjerre, Jonas"]
[Result "1/2-1/2"]
[WhiteElo "2302"]
[BlackElo "2355"]
[PlyCount "40"]
[EventDate "2017.??.??"]

1. e4 c5 2. Nf3 d6 3. d4 cxd4 4. Nxd4 Nf6 5. Nc3 a6 6. Qf3 g6 7. h3 Bg7 8. Be3
O-O 9. O-O-O Bd7 10. g4 Nc6 11. Nb3 Rc8 12. Qe2 Na5 13. f3 Nxb3+ 14. cxb3 Qa5
15. Kb1 b5 16. Qf2 b4 17. Bb6 Qe5 18. Bd4 Qa5 19. Bb6 Qe5 20. Bd4 Qa5 1/2-1/2

[Event "2.BLN 1617 Preetzer TSV - SF Berlin"]
[Site "?"]
[Date "2017.02.19"]
[Round "6.6"]
[White "Schwarz, Frank"]
[Black "Lundin, Jan"]
[Result "0-1"]
[WhiteElo "2216"]
[BlackElo "2265"]
[PlyCount "114"]
[EventDate "2017.??.??"]

1. c4 e5 2. Nc3 Nc6 3. g3 g6 4. Bg2 Bg7 5. d3 d6 6. e3 h5 7. h3 Be6 8. Rb1 h4
9. g4 f5 10. Bd5 Qd7 11. Bxe6 Qxe6 12. Nd5 O-O-O 13. b4 Nce7 14. e4 c6 15. Nc3
d5 16. cxd5 cxd5 17. Qa4 Kb8 18. Nb5 Nc6 19. Be3 d4 20. gxf5 gxf5 21. Bg5 Bf6
22. Bd2 Nge7 23. Qb3 Qd7 24. Na3 fxe4 25. dxe4 d3 26. Nf3 Rhf8 27. b5 Nd4 28.
Nxd4 Qxd4 29. Qb4 Bg5 30. Qxd4 Bxd2+ 31. Kxd2 Rxd4 32. Ke3 Ng6 33. Rhg1 Nf4 34.
Rb2 Nxh3 35. Rf1 d2 36. Rxd2 Rxd2 37. Kxd2 Rxf2+ 38. Rxf2 Nxf2 39. Ke3 Nd1+ 40.
Kf3 Nc3 41. Nc4 h3 42. b6 Nxe4 43. bxa7+ Kxa7 44. Nxe5 Kb6 45. Ng4 Nc3 46. Kg3
Nxa2 47. Kxh3 Kc5 48. Kg3 Kd4 49. Kf3 Nc3 50. Kf4 Nd5+ 51. Kf5 b5 52. Ne5 Ne7+
53. Kf4 Ng6+ 54. Nxg6 b4 55. Ne5 b3 56. Nf3+ Kd3 57. Ne5+ Kc3 0-1

[Event "2.BLN 1617 Preetzer TSV - SF Berlin"]
[Site "?"]
[Date "2017.02.19"]
[Round "6.7"]
[White "Brettschneider, Stefan"]
[Black "Reinecker, Kai"]
[Result "1/2-1/2"]
[WhiteElo "2259"]
[BlackElo "2262"]
[PlyCount "172"]
[EventDate "2017.??.??"]

1. Nf3 d5 2. g3 Nf6 3. Bg2 e6 4. O-O Be7 5. d3 O-O 6. Nbd2 c5 7. e4 Nc6 8. e5
Nd7 9. Re1 Qc7 10. Qe2 Re8 11. c4 Nf8 12. Nf1 dxc4 13. dxc4 b6 14. b3 Bb7 15.
Bb2 Rad8 16. Rad1 h6 17. Ne3 Ng6 18. h4 Ba8 19. Ng4 Rxd1 20. Rxd1 Rd8 21. h5
Nf8 22. Rd2 Rxd2 23. Nxd2 Qd8 24. Ne4 Nd4 25. Bxd4 Qxd4 26. Nef6+ Bxf6 27. Bxa8
Bg5 28. Kg2 Qd2 29. Qf3 Qxa2 30. Bc6 Qc2 31. Be8 Qf5 32. Qb7 Kh7 33. Qxf7 Qxf7
34. Bxf7 a6 35. f4 Bd8 36. Kf3 b5 37. cxb5 axb5 38. Ke3 Ba5 39. Be8 c4 40. bxc4
bxc4 41. Nh2 g6 42. g4 gxh5 43. gxh5 Bb6+ 44. Ke2 c3 45. Nf1 Bc5 46. Kd3 Ba3
47. Kxc3 Bc1 48. Nd2 Kg7 49. Kc2 Ba3 50. Ne4 Be7 51. Kd3 Bh4 52. Nd6 Be1 53.
Ke4 Bd2 54. Ba4 Bc1 55. Ne8+ Kf7 56. Nf6 Kg7 57. Ng4 Bd2 58. Be8 Bc1 59. Nf2
Bd2 60. Nd3 Bc3 61. Ke3 Nh7 62. Nc5 Nf8 63. Kd3 Bb4 64. Kc4 Ba3 65. Kb5 Bc1 66.
Nd3 Ba3 67. Kb6 Be7 68. Kc7 Kg8 69. Kc6 Kg7 70. Nc5 Kg8 71. Ne4 Ba3 72. Nc5 Bc1
73. Nd3 Ba3 74. Kc7 Be7 75. Ba4 Kf7 76. Bb3 Ke8 77. Ba4+ Kf7 78. Kc6 Ba3 79.
Kc7 Ke7 80. Kc8 Nh7 81. Kc7 Nf8 82. Bb5 Nh7 83. Ba4 Nf8 84. Bb5 Nh7 85. Bc6 Nf8
86. Bb5 Nh7 1/2-1/2

[Event "2.BLN 1617 Preetzer TSV - SF Berlin"]
[Site "?"]
[Date "2017.02.19"]
[Round "6.8"]
[White "Plueg, Andreas"]
[Black "Noetzel, Felix"]
[Result "1-0"]
[WhiteElo "2286"]
[BlackElo "2166"]
[PlyCount "63"]
[EventDate "2017.??.??"]

1. c4 e6 2. Nf3 d5 3. b3 Nf6 4. Bb2 Bd6 5. e3 O-O 6. Be2 Nbd7 7. O-O b6 8. Nc3
Bb7 9. Nb5 Be7 10. Rc1 c5 11. cxd5 Nxd5 12. d4 a6 13. Nc3 N7f6 14. Na4 Rc8 15.
Ne5 cxd4 16. Qxd4 b5 17. Nc5 Bxc5 18. Rxc5 Rxc5 19. Qxc5 Qa5 20. Qd4 Qxa2 21.
Bf3 Qxb3 22. Nd7 e5 23. Qxe5 Re8 24. Qd4 Qc4 25. Qxc4 bxc4 26. Bxf6 Nxf6 27.
Nxf6+ gxf6 28. Bxb7 a5 29. Rc1 Rb8 30. Bd5 c3 31. Kf1 Rb5 32. e4 1-0

[Event "2.BLN 1617 SF Berlin - HSK Lister Turm"]
[Site "?"]
[Date "2017.03.19"]
[Round "7.1"]
[White "Schneider, Ilja"]
[Black "Polzin, Rainer"]
[Result "1/2-1/2"]
[WhiteElo "2517"]
[BlackElo "2423"]
[PlyCount "33"]
[EventDate "2017.??.??"]

1. b3 c5 2. Bb2 Nc6 3. Nf3 e6 4. e4 Nf6 5. e5 Nd5 6. g3 Be7 7. Bg2 f5 8. d4
cxd4 9. Nxd4 Nxd4 10. Qxd4 Nb4 11. Qd2 Nc6 12. O-O b5 13. Nc3 a6 14. Ne2 Bb7
15. Rfd1 Qc7 16. Nd4 Nxd4 17. Bxb7 1/2-1/2

[Event "2.BLN 1617 SF Berlin - HSK Lister Turm"]
[Site "?"]
[Date "2017.03.19"]
[Round "7.2"]
[White "Wendt, Jan-Dietrich"]
[Black "Hoffmann, Lukas"]
[Result "0-1"]
[WhiteElo "2286"]
[BlackElo "2287"]
[PlyCount "68"]
[EventDate "2017.??.??"]

1. d4 Nf6 2. Nf3 d5 3. c4 e6 4. Nc3 a6 5. cxd5 exd5 6. Bg5 Be7 7. e3 O-O 8. Bd3
Nbd7 9. O-O c6 10. Qc2 h6 11. Bh4 b5 12. Rad1 Bb7 13. Ne5 Nxe5 14. dxe5 Ng4 15.
Bg3 Bh4 16. Bf4 Qe7 17. g3 Bg5 18. h4 Bxf4 19. exf4 h5 20. Rfe1 Rad8 21. Bf5
Nh6 22. Bh3 Bc8 23. Bxc8 Rxc8 24. f5 Ng4 25. Kg2 Qb7 26. f4 b4 27. Na4 c5 28.
e6 d4+ 29. Qe4 Ne3+ 30. Rxe3 dxe3 31. Rd7 Qc6 32. Qxc6 Rxc6 33. e7 Re8 34. Rd8
Rc8 0-1

[Event "2.BLN 1617 SF Berlin - HSK Lister Turm"]
[Site "?"]
[Date "2017.03.19"]
[Round "7.3"]
[White "Buchenau, Frank"]
[Black "Nogly, Christoph"]
[Result "0-1"]
[WhiteElo "2275"]
[BlackElo "2231"]
[PlyCount "98"]
[EventDate "2017.??.??"]

1. e4 e5 2. Nf3 Nc6 3. Bc4 Nf6 4. d3 Bc5 5. c3 a6 6. O-O Ba7 7. Re1 d6 8. Bb3
h6 9. Nbd2 O-O 10. h3 Re8 11. Nf1 Be6 12. Be3 Qd7 13. Bxa7 Rxa7 14. Ne3 Ne7 15.
Bc2 Ng6 16. d4 Qc8 17. Qd2 c6 18. Rad1 b5 19. Qc1 Nf4 20. Nf5 Nxe4 21. Qe3 Bxf5
22. dxe5 Nc5 23. Bxf5 Qxf5 24. Rxd6 Ncd3 25. Qxa7 Nxe1 26. Nxe1 Qxe5 27. Qe3
Qxe3 28. fxe3 Rxe3 29. Kf1 Re6 30. Rd8+ Kh7 31. Ra8 Rf6 32. Rxa6 Nxh3+ 33. Ke2
Nf4+ 34. Ke3 g5 35. a4 Re6+ 36. Kd2 Re2+ 37. Kd1 Rxb2 38. Rxc6 bxa4 39. g3 a3
40. Ra6 a2 41. Nc2 Ne2 42. Kxe2 Rxc2+ 43. Kd3 Rg2 44. Kd4 h5 45. c4 h4 46. gxh4
gxh4 47. Ra3 Kg7 48. Ke4 h3 49. Kf3 Rc2 0-1

[Event "2.BLN 1617 SF Berlin - HSK Lister Turm"]
[Site "?"]
[Date "2017.03.19"]
[Round "7.4"]
[White "Chatzidakis, Mihail"]
[Black "Voege, Tobias"]
[Result "1-0"]
[WhiteElo "2302"]
[BlackElo "2260"]
[PlyCount "117"]
[EventDate "2017.??.??"]

1. e4 c5 2. Nf3 Nc6 3. Bb5 g6 4. O-O Bg7 5. c3 Nh6 6. d4 cxd4 7. cxd4 f6 8. Nc3
Nf7 9. d5 Nb8 10. Be3 O-O 11. Bc4 b6 12. a4 Nd6 13. Bb3 Na6 14. Re1 Kh8 15. Bf4
Nf7 16. e5 fxe5 17. Nxe5 Nxe5 18. Bxe5 Bxe5 19. Rxe5 d6 20. Re3 Nc5 21. Qd4+
Kg8 22. Bc2 Rf7 23. b4 Nd7 24. Ne4 Nf8 25. Ng5 Rg7 26. h4 h6 27. Nf3 Rf7 28.
Rae1 Bb7 29. Re4 Rc8 30. Bb1 Rc7 31. Rg4 Rg7 32. Qd2 h5 33. Rf4 Qe8 34. Ng5 Bc8
35. b5 Nh7 36. Nf3 Bb7 37. Re6 Nf8 38. Re1 Rc5 39. Rd4 Nh7 40. Ng5 Nxg5 41.
Qxg5 Qf7 42. Ba2 Qf5 43. Qe3 Rf7 44. Bb1 Qf6 45. Be4 Kg7 46. g3 Qe5 47. Qd2 Qf6
48. Bg2 Rc2 49. Qxc2 Qxd4 50. Re6 Qg4 51. Be4 Kf8 52. Rxg6 Qc8 53. Qd2 Ke8 54.
Rg8+ Rf8 55. Rxf8+ Kxf8 56. Qh6+ Kf7 57. Bg6+ Kf6 58. Qg5+ Kg7 59. Bf5+ 1-0

[Event "2.BLN 1617 SF Berlin - HSK Lister Turm"]
[Site "?"]
[Date "2017.03.19"]
[Round "7.5"]
[White "Hoerstmann, Martin"]
[Black "Wintzer, Joachim"]
[Result "1-0"]
[WhiteElo "2259"]
[BlackElo "2258"]
[PlyCount "83"]
[EventDate "2017.??.??"]

1. Nf3 d5 2. g3 c6 3. c4 Nf6 4. Bg2 g6 5. O-O Bg7 6. d4 O-O 7. cxd5 cxd5 8. Ne5
e6 9. Nc3 Nfd7 10. f4 Nc6 11. Be3 f6 12. Nd3 Nb6 13. Bf2 f5 14. e3 Nc4 15. Rc1
Kh8 16. Kh1 Bd7 17. Bf3 Nd6 18. g4 Ne4 19. Qe1 Bf6 20. Be2 Be7 21. Rc2 Nb4 22.
Nxb4 Bxb4 23. Qc1 Bxc3 24. bxc3 Ba4 25. Rb2 Qd7 26. Be1 Rac8 27. Bd3 Nd6 28.
Rg1 Rc7 29. h4 fxg4 30. Rbg2 Bb5 31. Bb1 Nf5 32. Rxg4 Be2 33. Rg5 Qa4 34. Kh2
Rfc8 35. Qd2 Bf3 36. Qf2 Be4 37. Bxe4 dxe4 38. h5 gxh5 39. Qg2 Qe8 40. Qxe4 Qb5
41. Qxe6 Rf8 42. Rg8+ 1-0

[Event "2.BLN 1617 SF Berlin - HSK Lister Turm"]
[Site "?"]
[Date "2017.03.19"]
[Round "7.6"]
[White "Priebe, Jan"]
[Black "Hampel, Felix"]
[Result "1-0"]
[WhiteElo "2260"]
[BlackElo "2222"]
[PlyCount "77"]
[EventDate "2017.??.??"]

1. e4 g6 2. d4 Bg7 3. c3 d6 4. Bc4 Nf6 5. Qe2 e5 6. dxe5 dxe5 7. Nf3 Qe7 8. b3
O-O 9. O-O b6 10. a4 a6 11. Na3 Bb7 12. Nd2 Nfd7 13. Nc2 Rd8 14. Rd1 Nf8 15. f3
c6 16. b4 Ne6 17. g3 h5 18. Nb3 h4 19. Be3 Nd7 20. Rd2 Bf6 21. Rad1 Ng7 22. Qf2
b5 23. Na5 Nf8 24. Rxd8 Rxd8 25. Rxd8 Qxd8 26. Nxb7 Qa8 27. Nd6 bxc4 28. Nxc4
Nfe6 29. Qd2 hxg3 30. hxg3 Qe8 31. Qd6 Nh5 32. Kf2 Kg7 33. Ne1 Nd8 34. Nd3 Nb7
35. Qc7 Qe6 36. Ndxe5 Nd6 37. Qxd6 Qxd6 38. Nxd6 Bxe5 39. Bd4 1-0

[Event "2.BLN 1617 SF Berlin - HSK Lister Turm"]
[Site "?"]
[Date "2017.03.19"]
[Round "7.7"]
[White "Hoerstmann, Rudi"]
[Black "Hoffmann, Udo"]
[Result "1-0"]
[WhiteElo "2257"]
[BlackElo "2209"]
[PlyCount "72"]
[EventDate "2017.??.??"]

1. d4 Nf6 2. c4 e6 3. Nf3 c5 4. d5 exd5 5. cxd5 d6 6. Nc3 g6 7. Bf4 a6 8. a4
Bg7 9. h3 O-O 10. e3 Ne8 11. Be2 Nd7 12. O-O h6 13. Nd2 Ne5 14. Bg3 f5 15. f4
Nf7 16. Nc4 Rb8 17. a5 Bd7 18. Qb3 Nc7 19. Rad1 Re8 20. Rfe1 b5 21. axb6 Na8
22. b7 Nc7 23. Qb6 Nb5 24. Qxa6 Nxc3 25. bxc3 Bxc3 26. Rb1 Qc7 27. Rb6 Bxe1 28.
Bxe1 Bc8 29. bxc8=R Rexc8 30. Rc6 Qd7 31. Qa1 Qe7 32. Bc3 Ra8 33. Qc1 Rxc6 34.
dxc6 Rc8 35. Bf3 Qe6 36. Nb6 Rc7 {(Zeit)} 1-0

[Event "2.BLN 1617 SF Berlin - HSK Lister Turm"]
[Site "?"]
[Date "2017.03.19"]
[Round "7.8"]
[White "Brettschneider, Stefan"]
[Black "Gentemann, Moritz"]
[Result "1-0"]
[WhiteElo "2259"]
[BlackElo "2196"]
[PlyCount "123"]
[EventDate "2017.??.??"]

1. Nf3 c5 2. g3 Nc6 3. e4 g6 4. Bg2 Bg7 5. O-O d6 6. c3 e5 7. d3 Nf6 8. Be3 O-O
9. h3 b6 10. Qd2 d5 11. exd5 Nxd5 12. Bh6 Bf5 13. Bxg7 Kxg7 14. Re1 Qf6 15. Qe2
Rfe8 16. Nbd2 Rad8 17. Ne4 Qe7 18. Rad1 h6 19. Qc2 Qd7 20. Kh2 g5 21. a3 Bg6
22. b4 cxb4 23. axb4 Qc7 24. Qb2 b5 25. Nc5 f6 26. d4 e4 27. Nd2 f5 28. Nf1 h5
29. Qd2 Kf6 30. Kg1 h4 31. g4 Nf4 32. gxf5 Bxf5 33. Nxe4+ Bxe4 34. Rxe4 Rxe4
35. Bxe4 Nxh3+ 36. Kh1 Ne7 37. Qe3 Nf4 38. Nh2 Qd7 39. Qf3 Qh3 40. Ra1 Rd7 41.
Qxh3 Nxh3 42. Ng4+ Kg7 43. Ra5 Rc7 44. Rxb5 Rxc3 45. Rb7 Kf8 46. d5 Rc4 47. f3
Rd4 48. Rb8+ Kg7 49. Rb7 Kf8 50. Rb8+ Kg7 51. Rd8 Nf4 52. Rd7 Kf8 53. Ne3 Rd2
54. b5 Ke8 55. Rd6 Nc8 56. Ra6 Kd8 57. Rh6 Nb6 58. d6 Nfd5 59. Bf5 Ke8 60. Be6
Kf8 61. Nf5 Rd1+ 62. Kh2 1-0

[Event "2.BLN 1617 Rotation Pankow - Preetzer T"]
[Site "?"]
[Date "2017.03.19"]
[Round "7.1"]
[White "Pedersen, Steffen"]
[Black "Rietze, Clemens"]
[Result "1-0"]
[WhiteElo "2371"]
[BlackElo "2323"]
[PlyCount "159"]
[EventDate "2017.??.??"]

1. d4 Nf6 2. c4 g6 3. Nc3 d5 4. Nf3 Bg7 5. cxd5 Nxd5 6. e4 Nxc3 7. bxc3 c5 8.
h3 O-O 9. Be2 cxd4 10. cxd4 Nc6 11. Be3 Qa5+ 12. Bd2 Qa3 13. d5 Nb4 14. O-O Bd7
15. Rb1 a5 16. Bc4 Rfc8 17. Qe2 Rc7 18. e5 Rac8 19. Bb3 Rc5 20. Bxb4 axb4 21.
Nd4 Qa6 22. Qe4 Ba4 23. Rbd1 Bxb3 24. axb3 e6 25. dxe6 fxe6 26. Nf3 Qc6 27.
Qxb4 Bxe5 28. Nxe5 Rxe5 29. Qe7 Rd5 30. Rc1 Rc5 31. Rxc5 Qxc5 32. Qxe6+ Kh8 33.
Re1 Rf8 34. Qe5+ Qxe5 35. Rxe5 Rf7 36. Rb5 Kg7 37. g4 Kf6 38. Kg2 Ke6 39. Kg3
Rd7 40. f4 Rc7 41. Kh4 Kf6 42. f5 gxf5 43. Rxf5+ Kg6 44. Rg5+ Kf7 45. Kh5 Rc6
46. Rf5+ Kg7 47. Rg5+ Kf7 48. Rd5 Rb6 49. Rd3 Kg7 50. Kg5 Kf7 51. Rf3+ Kg7 52.
Kf5 Kf7 53. Ke5+ Ke7 54. Kd4 Rh6 55. Kc5 Rc6+ 56. Kb5 Rh6 57. b4 Ke8 58. g5 Rh4
59. Kc5 Re4 60. Rf5 Re7 61. Kb6 Rd7 62. b5 Ke7 63. Rf6 Ke8 64. Rh6 Kd8 65. h4
Rg7 66. Rf6 Ke8 67. Rf4 Rd7 68. Rf5 Ke7 69. Rf6 Ke8 70. Ka7 Kd8 71. b6 Re7 72.
Kb8 Rd7 73. Rh6 Re7 74. Rd6+ Ke8 75. Kc8 Re4 76. Kxb7 Rxh4 77. Kc7 Rc4+ 78. Rc6
Rd4 79. b7 Rd7+ 80. Kb6 1-0

[Event "2.BLN 1617 Rotation Pankow - Preetzer T"]
[Site "?"]
[Date "2017.03.19"]
[Round "7.2"]
[White "Dauth, Benjamin"]
[Black "Hansen, Mads"]
[Result "1-0"]
[WhiteElo "2318"]
[BlackElo "2451"]
[PlyCount "73"]
[EventDate "2017.??.??"]

1. e4 e5 2. Bc4 Nf6 3. d4 exd4 4. Nf3 Nc6 5. O-O Nxe4 6. Re1 d5 7. Bxd5 Qxd5 8.
Nc3 Qd7 9. Rxe4+ Be7 10. Nxd4 f5 11. Rf4 O-O 12. Nxc6 Qxc6 13. Nd5 Bd6 14. Rd4
Be6 15. Bf4 Bxd5 16. Bxd6 Bxg2 17. Bxf8 Bh3 18. f3 Qg6+ 19. Kf2 Qg2+ 20. Ke3
Rxf8 21. Kd3 c5 22. Rd5 Re8 23. b3 Qg6 24. Qg1 Qe6 25. Rxc5 Rd8+ 26. Kc3 Qf6+
27. Kb4 b6 28. Rb5 Qb2 29. Qc1 Qd4+ 30. Ka3 f4 31. Rb4 Qe5 32. Qe1 Qd6 33. Kb2
Bf5 34. Rc1 a5 35. Rb5 Bd7 36. Rd1 Qc6 37. Qe7 1-0

[Event "2.BLN 1617 Rotation Pankow - Preetzer T"]
[Site "?"]
[Date "2017.03.19"]
[Round "7.3"]
[White "Jahncke, Giso"]
[Black "Bruchmann, Stephan"]
[Result "1/2-1/2"]
[WhiteElo "2325"]
[BlackElo "2279"]
[PlyCount "164"]
[EventDate "2017.??.??"]

1. c4 c6 2. Nf3 d5 3. e3 e6 4. d4 Bd6 5. Bd3 f5 6. O-O Qf6 7. b3 Ne7 8. Ba3
Bxa3 9. Nxa3 Nd7 10. b4 O-O 11. b5 e5 12. dxe5 Nxe5 13. Nxe5 Qxe5 14. bxc6 bxc6
15. cxd5 cxd5 16. g3 Bb7 17. Qd2 Nc8 18. Qa5 Qe6 19. Rfd1 Nb6 20. Bf1 Rfd8 21.
Rd4 Bc6 22. Rad1 Rd7 23. Nc2 Nc4 24. Qa6 Nb6 25. Nb4 Bb7 26. Qa5 h6 27. Be2 Kh8
28. Nd3 Nc4 29. Qe1 Qb6 30. Rb1 Qd6 31. Qb4 Qxb4 32. Rxb4 Rc8 33. Rb5 Nd6 34.
Ra5 Ne4 35. Nb4 Nc3 36. Bf1 a6 37. Ra3 Ne4 38. f3 Rc3 39. Rxc3 Nxc3 40. Nxa6
Bxa6 41. Bxa6 Ra7 42. Rd3 Rxa6 43. Rxc3 Rxa2 44. Rd3 Ra5 45. Kg2 Kh7 46. h3 h5
47. Rb3 Ra2+ 48. Kf1 Rd2 49. Rb4 Kh6 50. Rb6+ Kh7 51. Rd6 g6 52. Rd7+ Kg8 53.
Ke1 Rg2 54. Rxd5 Rxg3 55. Kf2 Rxh3 56. Rd4 Rh1 57. Kg3 Kf7 58. Rd6 Rg1+ 59. Kf2
Rh1 60. Rd4 Kf6 61. Ra4 Rh2+ 62. Kg3 Rh1 63. Ra6+ Kf7 64. Rb6 Rg1+ 65. Kf4 Rh1
66. Ke5 Rh4 67. Rb7+ Kg8 68. Kf6 Rh3 69. e4 fxe4 70. fxe4 Rf3+ 71. Kxg6 Kf8 72.
e5 h4 73. Rh7 h3 74. Kg5 Kg8 75. Rh4 Kf7 76. Kg4 Rf1 77. Rxh3 Ke6 78. Rh5 Rf2
79. Kg3 Rf1 80. Kg2 Rf5 81. Rxf5 Kxf5 82. Kf3 Kxe5 1/2-1/2